|
|
|
|
| LEADER |
00990nam a2200325 4500 |
| 001 |
DLU090095822 |
| 005 |
##20091201 |
| 040 |
# |
# |
|a DLU
|b eng
|
| 041 |
# |
# |
|a eng
|
| 044 |
# |
# |
|a uk
|
| 100 |
# |
# |
|a Andrade, Jose Luis.
|
| 245 |
# |
# |
|a Dew deposition on epiphytic bromeliad leaves : An important event in a Mexican tropical dry deciduous forest /
|c Jose Luis Andrade.
|
| 653 |
# |
# |
|a Bromeliaceae
|
| 653 |
# |
# |
|a Crassulacean acid metabolism
|
| 653 |
# |
# |
|a Energy balance
|
| 653 |
# |
# |
|a Epiphytes
|
| 653 |
# |
# |
|a Relative water content
|
| 653 |
# |
# |
|a Succulence
|
| 653 |
# |
# |
|a Tillandsia
|
| 653 |
# |
# |
|a Water relations
|
| 773 |
# |
# |
|t Journal of Tropical Ecology
|g Vol. 19, part 5 (September 2003), p. 479-488
|
| 920 |
# |
# |
|a Phòng Tạp chí -- Trung tâm Thông tin - Thư viện Trường Đại học Đà Lạt
|
| 994 |
# |
# |
|a DLU
|
| 900 |
# |
# |
|a True
|
| 911 |
# |
# |
|a Trương Bảo Trâm Anh
|
| 925 |
# |
# |
|a G
|
| 926 |
# |
# |
|a A
|
| 927 |
# |
# |
|a BB
|
| 980 |
# |
# |
|a Thư viện Trường Đại học Đà Lạt
|